Audítorstvo praktikum
Salvato in:
| Autore principale: | |
|---|---|
| Ente Autore: | |
| Altri autori: | |
| Natura: | Libro |
| Lingua: | slovacco |
| Pubblicazione: |
Bratislava
Vydavateľstvo EKONÓM
2000
|
| Soggetti: | |
| Tags: |
Nessun Tag, puoi essere il primo ad aggiungerne!!
|
MARC
| LEADER | 00000nam a2200000 4500 | ||
|---|---|---|---|
| 001 | c121470 | ||
| 005 | 20220818100430.4 | ||
| 020 | |a 80-225-1290-7 | ||
| 041 | 0 | |a slo | |
| 044 | |a SK | ||
| 245 | 1 | 0 | |a Audítorstvo |b praktikum |c Ladislav Kareš, Mária Vépyová |
| 264 | 1 | |a Bratislava |b Vydavateľstvo EKONÓM |c 2000 | |
| 300 | |a 304 s. | ||
| 610 | 2 | 0 | |a audítorstvo |
| 610 | 2 | 0 | |a audítori |
| 610 | 2 | 0 | |a legislatíva |
| 610 | 2 | 0 | |a normy právne |
| 610 | 2 | 0 | |a zákony |
| 610 | 2 | 0 | |a štandardy |
| 610 | 2 | 0 | |a výkazy účtovné |
| 610 | 2 | 0 | |a smernice |
| 610 | 2 | 0 | |a Slovensko |
| 100 | 1 | |a Kareš, Ladislav | |
| 700 | 1 | |a Vépyová, Mária | |
| 710 | 2 | |a Ekonomická univerzita v Bratislave. Fakulta hospodárskej informatiky | |